000 00325nam a2200121Ia 4500
008 240624s9999 xx 000 0 und d
041 _aeng
082 _a658.4063 AWA
100 _aAWASTHI DINESH
245 _aINNOVATORS STORIES OF HI TECH ENTREPRENE
260 _c2015
_aDelhi
_bBookwell
300 _ax, , 380 , 23 : p. : cm.
999 _c27667
_d27667